000 00534nam a2200193Ia 4500
008 090124s9999 xx 000 0 und d
082 _b117675
100 _aचेस जेम्स हॅडले
245 _a बलिदान
250 _a1
260 _c1978
300 _a160
600 _aचेस जेम्स हॅडले
630 _a बलिदान
700 _aफडके शाम
700 _aचेस जेम्स हॅडले
730 _a बलिदान
942 _cBOOK
999 _c163762
_d163762